Les 10 villes les plus peuplées de Côte d'Or (21) - Statistiques

Statistiques générales
  • Ce quiz a été pris 44 fois
  • Le résultat moyen est 6 sur 10
Statistiques - réponses
Population Communes % Correct
159 900 Dijon
100%
20 200 Beaune
90%
14 300 Chenôve
59%
8 900 Quetigny
56%
12 000 Talant
56%
9 000 Fontaine-lès-Dijon
44%
10 900 Chevigny-Saint-Sauveur
41%
7 600 Auxonne
39%
8 800 Longvic
34%
7 500 Saint-Apollinaire
32%
Aucun quiz correspondant
Distribution des résultats
% des personnes avec chaque résultat
Percentile par nombre de réponses
Votre historique - résultats
Vous n’avez pas pris ce quiz